Les patronymes de célébrités à l'orthographe compliquée (1) - Statistiques

Statistiques générales
  • Ce quiz a été pris 69 fois
  • Le résultat moyen est 15 sur 50
Statistiques - réponses
Indice 1 Indice 2 Indice 3 Nom % Correct
Dessinateur Mickey Walt Disney
90%
Chanteuse Canadienne Natasha St-Pier
74%
Animateur Qui veut gagner... Jean-Pierre Foucault
72%
Réalisateur Psychose Alfred Hitchcock
72%
Animateur Koh Lanta Denis Brogniart
69%
Mannequin Miss France Iris Mittenaere
69%
Animateur Slam Cyril Féraud
62%
Animateur Bigdil Vincent Lagaf'
62%
Animatrice Maillon faible Laurence Boccolini
59%
Acteur Gouverneur Arnold Schwarzenegger
47%
Ecrivain Antigone Jean Anouilh
45%
Poète L'invitation au voyage Charles Baudelaire
45%
Animateur Vulgarisateur en sciences Mac Lesggy
43%
Diplomate ONU Kofi Annan
40%
Chanteur Papa chanteur Jean-Luc Lahaye
40%
Politique Puy du fou Philippe de Villiers
38%
Acteur Casablanca Humphrey Bogart
36%
Sportive Skieuse Marion Rolland
33%
Chanteuse Ella, elle l'a Ella Fitzgerald
31%
Journaliste 20h Christine Ockrent
31%
Humoriste 22 à Asnières Fernand Raynaud
31%
Politique Soviétique Nikita Khrouchtchev
29%
Journaliste sportif Thierry Roland
29%
Ecrivain Particules élémentaires Michel Houellebecq
28%
Journaliste Ex Valérie Trierweiler
26%
Acteur Tarzan Johnny Weissmuller
24%
Homme d'affaires Yves-Saint-Laurent Pierre Bergé
22%
Sportif Footballeur Stéphane Guivarc'h
22%
Acteur Frère de Bruno Denis Podalydès
21%
Homme d'affaires Banque Edmond de Rothschild
21%
Sportive Nageuse Roxana Maracineanu
19%
Présidente Birmanie Suu Kyi Aung San
16%
Peintre l'ancien Pieter Brueghel
16%
Actrice Chéri, chéri Alice Sapritch
16%
Ecrivain Goulag Alexandre Soljenitsyne
16%
Réalisateur Tchao pantin Claude Berri
14%
Acteur Jésus revient Patrick Bouchitey
14%
Acteur Gendarme Jean Lefebvre
14%
Compositeur Allemagne Félix Mendelssohn
14%
Journaliste tv Nathanaël de Rincquesen
12%
Actrice Van Gogh Elsa Zylberstein
12%
Chef d'orchestre Lille Jean-Claude Casadesus
10%
Sportive Monaco Charlène Wittstock
10%
Philosophe Répliques Alain Finkielkraut
9%
Photographe Reporter de guerre Robert Capa
7%
Journaliste Journal TV Etienne Leenhardt
7%
Actrice Swann d'or Pauline Lefèvre
7%
Politique Ecologie Nathalie Kosciusko-Morizet
5%
Reine Louis XV Maria Leszczynska
5%
Policier Bagnard François Vidocq
5%
Aucun quiz correspondant
Distribution des résultats
% des personnes avec chaque résultat
Percentile par nombre de réponses
Votre historique - résultats
Vous n’avez pas pris ce quiz